00553nam a22001695i 450000100060000000300090000600500170001500700030003200800410003504000200007610000350009624501020013125000260023326000820025930000190034185200230036054013ES-MaACL20230906162855.0t|960710m18741879po ||||1| por d aCAM bspa cCAM1 aFerreira Lapa, Joâo Ignacio.10aTechnologia rural ou Artes chimicas, agricolas e florestaes / cpor Joâo Ignacio Ferreira Lapa. a2ª ed. corr. e augm. aLisboa : b[s.n.], c1874-1879 (ftypographia da Academia Real das Sciencias) a2v. ; c22 cm. aES-MaACLjG-8477-8